| 000 | 00498nam a2200193Ia 4500 | ||
|---|---|---|---|
| 003 | LDD | ||
| 008 | 190117s9999 xx 000 0 und d | ||
| 020 | _c₹40 | ||
| 040 | _cLDD | ||
| 041 | _ahi | ||
| 082 | _a8H1.6 व6405स | ||
| 100 | _aमहादेवी | ||
| 245 | 0 |
_aसप्तपर्ण _cमहादेवी |
|
| 246 | _aSaptparn | ||
| 250 | _a3सं. | ||
| 260 |
_aइलाहाबाद _bलोकभारती _c1982 |
||
| 300 | _a212प्र. | ||
| 942 |
_2ddc _cH |
||
| 999 |
_c165969 _d165969 |
||